Biblioteca

Enciclopedia de problemas familiares / James Dobson ; Samiel Vila, Traductor (Registro nro. 32550)

Detalles MARC
000 -LÍDER
Campo fijo de descripción fija 018840000a22002170004500
020 ## - NÚMERO INTERNACIONAL NORMALIZADO PARA LIBROS
Número Internacional Normalizado del libro 84-7228-783-1
041 0# - CÓDIGO DE IDIOMA
Código de idioma para texto/pista de sonido o título separado
082 04 - NÚMERO DE CLASIFICACIÓN DECIMAL DEWEY
Número de clasificación G 173 D6351e
001 - NÚMERO DE CONTROL
Campo de control 1227
100 1# - ASIENTO PRINCIPAL--NOMBRE PERSONAL
Nombre personal Dobson, James C. (1936-)
245 10 - TÍTULO
Título del Material Enciclopedia de problemas familiares / James Dobson ; Samiel Vila, Traductor
260 ## - PUBLICACIÓN, DISTRIBUCIÓN, ETC. (PIE DE IMPRENTA)
Lugar de publicación, distribución, etc. Terrassa, Barcelona, España : CLIE
300 ## - DESCRIPCIÓN FÍSICA
Extensión 428 Pag.
336 ## - CONTENT TYPE
Content type term texto
Content type code txt
Source rdacontent
337 ## - MEDIA TYPE
Source rdamedia
Media type term sin mediación
Media type code n
338 ## - CARRIER TYPE
Source rdacarrier
Carrier type term volumen
Carrier type code nc
500 ## - NOTA GENERAL
Nota General Título original : Dr. Dobson answers your questions
505 00 - NOTA DE CONTENIDO
Nota de contenido con formato preestablecido La vida en familia -- la educación espiritual de los niños -- la educación de los niños -- los problemas en el proceso de aprendizaje de los niños -- la educación sexual en el hogar y en la escuela -- la disciplina de los niños(primera y segunda infancia) -- comprendiendo el papel de la disciplina -- cómo disciplinar -- castigo corporal: cuándo, cómo y por qué -- las fuentes de la estimación propia en los niños -- exceso de protección por parte de los niños-- la rivalidad entre hermanos -- enseñando a los niños a obrara de modo responsable -- niños hiperactivos -- enfrentándose con el adolescente -- preguntas de los adolescentes -- la autoestima en el adulto -- una perspectiva cristiana de ira -- amor romántico -- conflictos en el matrimonio -- el ama de casa -- la depresión en la mujer -- entendiendo la tensión premenstrual -- haciendo frente a la menopausia -- varón y hembra, distintos y únicos -- el significado de las masculinidad -- la sexualidad del adulto -- la homosexualidad -- la televisión y la violencia -- comprendiendo la culpa -- interpretación de las impresiones -- la mitad de la vida y más allá -- el Dr.Dobson habla sobre las familias
650 14 - ASIENTO SECUNDARIO DE MATERIA - TERMINO TEMÁTICO
Término temático o nombre geográfico como elemento de entrada CRIANZA DE NIÑOS - ESTADOS UNIDOS \ FAMILIA - VIDA RELIGIOSA \ CONDUCTA (ETICA)
942 ## - TIPO DE MATERIAL (KOHA)
Tipo de Item KOHA Libros General
Existencias
Estado de Material Estado de Perdido Estado de Dañado No para Préstamo Colección Tomo Biblioteca de Origen Biblioteca Permanente Fecha de Adquisición Total de Préstamos Signatura Topográfica Código de Barras Última vez visto Última vez Préstado Ejemplar/Existencia Fecha de Remplazo Tipo de Material
        Colección General   Biblioteca FUSBC Biblioteca FUSBC 11/10/2004 1 G 173 D6351e 12769 12/12/2019 28/03/2016 4 26/01/2016 Libros General
        Colección General   Biblioteca FUSBC Biblioteca FUSBC 11/10/2004   G 173 D6351e 660 12/12/2019   3 26/01/2016 Libros General
        Colección General   Biblioteca FUSBC Biblioteca FUSBC 11/10/2004   G 173 D6351e 659 12/12/2019   2 26/01/2016 Libros General
        Colección General   Biblioteca FUSBC Biblioteca FUSBC 11/10/2004 3 G 173 D6351e 651 12/12/2019 22/09/2017 1 26/01/2016 Libros General

Biblioteca FUSBC | Teléfono: (57+4) 349 88 10 Ext. 141| WhatsApp (+57) 3005338115 
E-mail: biblioteca@unisbc.edu.co | Calle 76 87-14 Robledo Palenque, Medellín, Colombia

Con tecnología Koha